000 01917nam a2200373 c 4500
003 BLK
005 20230406030458.0
008 180408b bul|||||r ||||||| ||bul||
010 _aKNG00035716000
040 _aBLK
041 _aBUL
_cBUL
080 _aБългарска литература в основното училище. Методика на обучението
_b373.3.016:821.163.2
_x(075.2)
_z373.3.016:821.163.2(075.2)
080 _aЛитературна дейност. Редактиране. Култура на речта. Стилистика. Литературна техника
_b808
_x(075.2)
_z808(075.2)
100 1 _aМитева, Елена
_eпърви автор
_9272695
700 1 _aМитева, Елена
_eпод ред. на
_9366909
139 _aСъчинение разсъждение
_bС 97
245 1 0 _aСъчинение разсъждение
_bПомагало за ученици от VІІ кл. : Ч. 1 -
_cЕлена Митева; под ред. на Елена Митева.
_nЧ. 1
257 _aBGR
260 София
_bВЕДИ
_c1999 -
300 _c23 см
380 _a3
500 _aДруги авт. : Н. Кирева, В. Михайлова, Т. Виденова, В. Инева, Д. Миронова, Т. Маринова, Л. Малинова. - Доп. тир. 2000.
650 4 _aБългарска литература
_9243597
650 4 _aСъчинение и преразказ
_9262069
653 _aсъчинение разсъждение
653 _aбългарска литература
653 _aучебни помагала
760 1 _aМитева, Елена
_d1999
_h240 с.
_nБиблиогр. под линия.
_tЧ. 1
852 _aЦб 208297
856 4 _qpdf
_u
856 4 _qpdf
_u
942 _cKNG
_n0
_01
944 _aCR
_c15.01.2003
_lф /
_kЛюдмила_Стоянова
944 _aED
_c09.11.2016
_lф /
_kЛюдмила_Стоянова
999 _c33033
_d33033